Book 3 Information Quiz Stats

 Plays Quiz not verified by Sporcle

Challenge
Share
Tweet
Embed
Score 0/19 Timer 07:00
0 Plays Today
% Correct
Epithet
100%
Epic Heroes
100%
Plowlands
66.7%
Moored
66.7%
Contingent
66.7%
Colonnade
66.7%
Episode
66.7%
Use of History
66.7%
Elevated Speech
66.7%
Telemachus
66.7%
% Correct
Athena
66.7%
King Nestor
66.7%
Pisistratus
66.7%
Broached
33.3%
Deux ex machina
33.3%
Orestes
33.3%
Agamemnon
33.3%
Clytemnestra
33.3%
Aegistus
33.3%

You're not logged in!

Compare scores with friends on all Sporcle quizzes.
Join for Free
OR
Log In

You Might Also Like...

Show Comments

Extras

Created Dec 7, 2010ReportNominate
Tags:Book Quiz

Top Quizzes Today


Score Distribution

Your Account Isn't Verified!

In order to create a playlist on Sporcle, you need to verify the email address you used during registration. Go to your Sporcle Settings to finish the process.

Report this User

Report this user for behavior that violates our Community Guidelines.

Details: